The human side of management: managment by integration and self-control (Record no. 350774)

000 -LEADER
fixed length control field 00374cam a22001217a 4500
008 - FIXED-LENGTH DATA ELEMENTS--GENERAL INFORMATION
fixed length control field 180718b1987 xxu||||| |||| 00| 0 eng d
082 ## - DEWEY DECIMAL CLASSIFICATION NUMBER
Classification number K Od3h
100 ## - MAIN ENTRY--PERSONAL NAME
Personal name Odiorne, G.S.
245 ## - TITLE STATEMENT
Title The human side of management: managment by integration and self-control
Statement of responsibility, etc. by G.S. Odiorne
260 ## - PUBLICATION, DISTRIBUTION, ETC.
Place of publication, distribution, etc. Lexington
Name of publisher, distributor, etc. Lexington Books
Date of publication, distribution, etc. 1987
300 ## - PHYSICAL DESCRIPTION
Extent 236p.
650 ## - SUBJECT ADDED ENTRY--TOPICAL TERM
Topical term or geographic name entry element Personnel managment
Holdings
Withdrawn status Lost status Damaged status Not for loan Permanent Location Current Location Date acquired Full call number Barcode Date last seen Price effective from Koha item type
        Indian Institute of Public Administration Indian Institute of Public Administration 1993-11-08 K Od3h 65251 2018-07-21 2018-07-21 Book

Powered by Koha